Score 0/13 Timer 05:00
0 Plays Today
Main Character Title % Correct
Pendergast, Green, D'AgostaRelic
96.3%
Pendergast, Green, D'AgostaReliquary
92.6%
Pendergast, KellyCabinet of Curiosities
81.5%
Pendergast, D'Agosta, DiogenesBrimstone
77.8%
Pendergast, D'Agosta, DiogenesBook of the Dead
77.8%
PendergastStill Life with Crows
74.1%
Pendergast, D'Agosta, DiogenesDance of Death
74.1%
Pendergast, GreeneThe Wheel of Darkness
74.1%
KellyThunderhead
63%
LloydThe Ice Limit
59.3%
HatchRiptide
59.3%
Pendergast, D'AgostaCemetery Dance
48.1%
Carson, Cabeza de VacaMount Dragon
48.1%

You're not logged in!

Compare scores with friends on all Sporcle quizzes.
OR
Log In

Sporcle TV

Today on Sporcle TV


Watch our educational content, quiz creation guides, and fun videos on Sporcle TV.

Show Comments

Extras

Top Quizzes Today


Score Distribution

Paid Content

Your Account Isn't Verified!

In order to create a playlist on Sporcle, you need to verify the email address you used during registration. Go to your Sporcle Settings to finish the process.

Report this User

Report this user for behavior that violates our Community Guidelines.

Details: